000 01279nam a2200313Ia 4500
001 ebr10356693
003 CaPaEBR
006 m u
007 cr cn|||||||||
008 090810s2010 mau sb 001 0 eng d
010 _z 2009033109
020 _z9780891062387
040 _aCaPaEBR
_cCaPaEBR
035 _a(OCoLC)649901547
050 1 4 _aHF5549.5.R58
_bF56 2010eb
082 0 4 _a658.3/14
_222
100 1 _aFinnegan, Richard P.
245 1 0 _aRethinking retention
_h[electronic resource] :
_bin good times and bad breakthrough ideas for keeping your best workers /
_cRichard P. Finnegan.
260 _aBoston :
_bDavies-Black ;
_a[Alexandria, Va.] :
_bSociety for Human Resource Management,
_c2010.
300 _axi, 292 p.
504 _aIncludes bibliographical references and index.
533 _aElectronic reproduction.
_bPalo Alto, Calif. :
_cebrary,
_d2010.
_nAvailable via World Wide Web.
_nAccess may be limited to ebrary affiliated libraries.
650 0 _aEmployee retention.
650 0 _aPersonnel management.
650 0 _aLabor turnover.
655 7 _aElectronic books.
_2local
710 2 _aebrary, Inc.
856 4 0 _uhttp://site.ebrary.com/lib/rucke/Doc?id=10356693
_zAn electronic book accessible through the World Wide Web; click to view
999 _c210273
_d210273